000 01025nam a22003010a 4500
001 PT26734
003 AR-LpoUNG
005 20210131233313.0
008 191001s2004||||ag |||||||||||||||||spa d
020 _a98710373706
_c$10,3
040 _aAR-LpoUNG
_bspa
_cAR-LpoUNG
_eaacr
041 _aspa
044 _aag
082 0 _aR467.982 126len
100 1 _aLabraña, Luis
245 1 0 _aLengua y poder :
_bel argentino metropolitano
260 _aBuenos Aires :
_bComisión para la Preservación del Patrimonio Histórico Cultural de la Ciudad de Buenos Aires,
_c2004.
300 _a301 p. :
_btbls., gráfs.
520 _aEstudio descriptivo del estado actual de la lengua hegemónica, la lengua "común y corriente" de Buenos Aires y un cuerpo de neologismos de las últimas décadas.
650 4 _aARGENTINA
650 4 _aDICCIONARIOS
650 4 _aLINGÜISTICA
651 4 _aDOCUMENTOS TEORICOS O METODOLOGICOS
653 _aLEXICOGRAFIA
700 1 _aSebastian, Ana
905 _a26734
942 _cLSALA
999 _c19987
_d19987